Kliknij jednostki podziału administracyjnego Rosji na mapie - Statystyki

Ogólne statystyki
  • Ten quiz został rozwiązany 26 razy
    25 od ostatniego zresetowania
  • Średni wynik to 38 z 85
Odpowiedzi na mapie
Odpowiedzi zakodowano w zielono-czerwonej skali na mapie do tego quizu, zgodnie z poniższymi procentami.
 
Statystyki odpowiedzi
Odpowiedź % Poprawnych
Moskwa
89%
Obwód moskiewski
78%
Kraj Kamczacki
72%
Obwód królewiecki
72%
Obwód pskowski
72%
Jamalsko-Nieniecki Okręg Autonomiczny
67%
Obwód leningradzki
67%
Obwód sachaliński
67%
Petersburg
67%
Republika Krymu
67%
Sacha (Jakucja)
67%
Sewastopol
67%
Czeczenia
61%
Czukocki Okręg Autonomiczny
61%
Kraj krasnojarski
61%
Obwód archangielski
61%
Obwód murmański
61%
Obwód rostowski
61%
Żydowski Okręg Autonomiczny
61%
Buriacja
56%
Dagestan
56%
Karelia
56%
Kraj Chabarowski
56%
Obwód biełgorodzki
56%
Obwód kurski
56%
Obwód magadański
56%
Tuwa
56%
Adygeja
50%
Kraj krasnodarski
50%
Kraj Nadmorski
50%
Obwód Amurski
50%
Obwód orenburski
50%
Obwód wołgogradzki
50%
Tatarstan
50%
Nieniecki Okręg Autonomiczny
44%
Obwód briański
44%
Obwód irkucki
44%
Obwód kirowski
44%
Obwód orłowski
44%
Obwód twerski
44%
Obwód woroneski
44%
Osetia Północna
44%
Republika Komi
44%
Baszkiria (Baszkortostan)
39%
Chakasja
39%
Chanty-Mansyjski Okręg Autonomiczny
39%
Czuwaszja
39%
Kabardo-Bałkaria
39%
Kałmucja
39%
Karaczajo-Czerkiesja
39%
Kraj permski
39%
Kraj Zabajkalski
39%
Obwód astrachański
39%
Obwód iwanowski
39%
Obwód jarosławski
39%
Obwód nowosybirski
39%
Obwód smoleński
39%
Obwód swierdłowski
39%
Obwód włodzimierski
39%
Udmurcja
39%
Ałtaj
33%
Inguszetia
33%
Kraj Ałtajski
33%
Obwód kostromski
33%
Obwód lipiecki
33%
Obwód nowogrodzki
33%
Obwód omski
33%
Obwód samarski
33%
Obwód tomski
33%
Obwód wołogodzki
33%
Kraj stawropolski
28%
Obwód czelabiński
28%
Obwód kałużski
28%
Obwód niżnonowogrodzki
28%
Obwód penzeński
28%
Obwód saratowski
28%
Obwód tulski
28%
Obwód uljanowski
28%
Mari El
22%
Obwód kemerowski
22%
Obwód kurgański
22%
Obwód tambowski
22%
Obwód tiumeński
22%
Mordwa
17%
Obwód riazański
17%
Nie znaleziono quizów pasujących do podanych kryteriów
Rozkład punktacji
Procent ludzi z każdym wynikiem
Percentyl według liczby udzielonych odpowiedzi
Twoja historia wyników
Nie rozwiązałeś tego quizu od ostatniego zresetowania